10x10 3 : (Record no. 581090)

MARC details
000 -LEADER
fixed length control field 00464nam a2200193 a 4500
008 - FIXED-LENGTH DATA ELEMENTS--GENERAL INFORMATION
fixed length control field 250812s2009##################000#0#eng##
020 ## - INTERNATIONAL STANDARD BOOK NUMBER
ISBN 9780714849539
082 04 - DEWEY DECIMAL CLASSIFICATION NUMBER
Classification number 724.7
Item number PHA
100 1# - MAIN ENTRY--AUTHOR NAME
Personal name Press, Editors of Phaidon,
245 10 - TITLE STATEMENT
Title 10x10 3 :
260 ## - PUBLICATION, DISTRIBUTION, ETC. (IMPRINT)
Name of publisher Phaidon Press,
Year of publication 2009.
300 ## - PHYSICAL DESCRIPTION
Number of Pages 468 pages
650 #0 - SUBJECT ADDED ENTRY--TOPICAL TERM
Topical Term Architecture.
942 ## - ADDED ENTRY ELEMENTS (KOHA)
Koha item type English Books
Holdings
Withdrawn status Lost status Damaged status Not for loan Home library Current library Shelving location Date acquired Full call number Accession Number Price effective from Koha item type
        Anna Centenary Library Anna Centenary Library 6TH FLOOR, B WING 12.08.2025 724.7 PHA 370966 12.08.2025 English Books

Find us on the map